Organen-Lokalisation von Cysticereus bovis bei schwach invadierten Rindern

Bibliographic Details
Main Author: Koudela, K. (Author)
Format: Article
Language:Slovak
German

MARC

LEADER 00000nab a2200000ua 4500
001 vtls010769607
003 SK-MaSNL
005 20260304200659.0
008 250718s1966 xo |||||||||||||||||slo|
035 |a (urnnbn)urn:nbn:sk:snk:ar-a05rjc 
035 |a (uuid)3304b888-d930-4e96-82b8-82345de61557 
035 |a urn:nbn:sk:snk-ab4uv8 
040 |a SNKBUCL  |b slo  |c SNKBUCL  |e AACR2 
041 0 |a ger 
044 |a xo  |c SK 
100 1 |a Koudela, K.  |4 aut  |9 573846 
245 1 0 |a Organen-Lokalisation von Cysticereus bovis bei schwach invadierten Rindern  |c K. Koudela 
773 0 |t Helminthologia  |g Roč. 7, č. 3 (1966), s. 235-243 
850 |a Slovenská národná knižnica 
852 |a Slovenská národná knižnica 
958 |a article3 
958 |a OND 
958 |a EUIPO 
999 |c 3090124  |d 3092054